Discurso del rector Claudio Elórtegui Raffo con motivo de la cuenta anual, Claustro Pleno Ordinario 2017.

Gardado en:
Detalles Bibliográficos
Autor Principal: Elórtegui Raffo, Claudio Hipólito (autor)
Formato: Libro
Publicado: Valparaíso, Chile: Pontificia Universidad Católica de Valparaíso, 2017.
Subjects:
Tags: Engadir etiqueta
Sen Etiquetas, Sexa o primeiro en etiquetar este rexistro!

MARC

LEADER 00000cam a2200000 a 4500
001 UCF9764
003 CL-VaPUC
005 20231128144112.0
008 221102t2017 ||||| |||| 00| 0 eng d
999 |c 439241  |d 439239 
040 |c Pontificia Universidad Católica de Valparaíso 
082 0 4 |a 378 ELO 2017  |2 21 
100 |a Elórtegui Raffo, Claudio Hipólito  |e autor  |9 746130 
245 1 0 |a Discurso del rector Claudio Elórtegui Raffo con motivo de la cuenta anual, Claustro Pleno Ordinario 2017. 
260 |a Valparaíso, Chile:  |b Pontificia Universidad Católica de Valparaíso,  |c 2017. 
300 |a 41 páginas. 
500 |a c.FHP. Donación Fernando Vergara Biblioteca Budge. 
583 |a last modification  |c 20131213 11:12:00  |k Catalogador Asistente 
600 0 |a Pontificia Universidad Católica de Valparaíso  |9 487638 
650 7 |a Claustro pleno  |2 CL-VaPUC  |9 472556 
650 0 |a Discursos   |9 265028 
942 |c BK  |2 ddc 
945 |d 20131213 11:12:00  |a dcastane 
952 |0 0  |1 0  |2 ddc  |4 0  |6 378_000000000000000_ELO_2017  |7 0  |8 X  |9 587534  |a FDOBUD  |b FDOBUD  |d 2022-11-02  |e Donación  |i 5655431  |o 378 ELO 2017  |p 5655431  |r 2022-11-02  |w 2022-11-02  |y BK_X  |k FHP 
952 |0 0  |1 0  |2 ddc  |4 0  |6 378_000000000000000_ELO_2017  |7 0  |8 X  |9 587535  |a FDOBUD  |b FDOBUD  |d 2022-11-02  |e Donación  |i 5655432  |o 378 ELO 2017  |p 5655432  |r 2022-11-02  |w 2022-11-02  |y BK_X  |k FHP